[Event "XXV OOM - Mistrzostwa Polski Juniorow Mlodszych - Chlopcy do lat 14"]
[Site "Sielpia"]
[Date "1899-12-30"]
[Round "3.19"]
[White "Goszyk, Bartosz"]
[Black "Kaliszuk, Kamil"]
[Result "1/2-1/2"]
[WhiteTitle "II"]
[BlackTitle "I"]
[WhiteElo "1554"]
[BlackElo "1674"]

1. e4 c5 2. Nf3 Nc6 3. d4 cxd4 4. Nxd4 g6 5. Be3 Bg7 6. Nc3 Nf6 7. Bc4 O-O 8. f3
Qb6 9. Bb3 Nxe4 10. Nd5 Qa5+ 11. c3 Nc5 12. Nxc6 dxc6 13. Nxe7+ Kh8 14. Nxc8 Raxc8
15. O-O Rcd8 16. Qc2 Kg8 17. Rfe1 Nd3 18. Red1 Ne5 19. Qf2 b6 20. Bd4 c5 21. Bxe5
Bxe5 22. Qh4 b5 23. Qe7 Bc7 24. a4 c4 25. Bc2 Qb6+ 26. Kh1 Rde8 27. Qd7 Re2 28.
Rd2 Rxd2 29. Qxd2 Rd8 30. Qe2 Qd6 31. g3 Qd2 32. Re1 bxa4 33. Bxa4 Bb6 34. Bb5
Bf2 35. Qxd2 Rxd2 36. Re7 Bc5 37. Rc7 Bb6 38. Re7 Kf8 39. Rb7 Rd1+ 40. Kg2 Rd2+
1/2-1/2

[Event "XXV OOM - Mistrzostwa Polski Juniorow Mlodszych - Chlopcy do lat 14"]
[Site "Sielpia"]
[Date "1899-12-30"]
[Round "3.20"]
[White "Wilk, Igor"]
[Black "Szafranski, Maciej"]
[Result "1-0"]
[WhiteTitle "I"]
[BlackTitle "II+"]
[WhiteElo "1669"]
[BlackElo "1503"]

1. e4 c5 2. Nf3 d6 3. d4 cxd4 4. Nxd4 Nf6 5. Nc3 a6 6. Be2 e5 7. Nb3 Be7 8. Bg5
Nbd7 9. a4 h6 10. Bh4 b6 11. Bc4 Bb7 12. Nd2 g5 13. Bg3 Nf8 14. h4 Ng6 15. hxg5
hxg5 16. Rxh8+ Nxh8 17. Qe2 Ng6 18. O-O-O Qc7 19. Kb1 Qc5 20. Nf1 Qb4 21. f3 Rc8
22. Bb3 g4 23. Ne3 Nh5 24. Bf2 Nhf4 25. Qd2 gxf3 26. gxf3 Rd8 27. Nf5 Bf8 28.
Qe3 Qc5 29. Qd2 Qb4 30. Nd5 Nxd5 31. Bxd5 Qxd2 32. Rxd2 Bxd5 33. Rxd5 Nf4 34.
Rd1 b5 35. axb5 axb5 36. Be3 Ne6 37. Bb6 Rd7 38. Rd5 Ng5 39. Rxb5 Nxf3 40. Be3
Be7 41. Rd5 f6 42. b4 Ng5 43. Bxg5 fxg5 44. Rd3 Kf7 45. Kc1 Ke6 46. Kd2 Bf6 47.
c4 Be7 48. b5 Bd8 49. Kc3 Bb6 50. Rh3 Bc5 51. Rh6+ Kf7 52. Rh7+ Ke8 53. Ng7+ Kf7
54. Nh5+ Ke8 55. Nf6+ 1-0

[Event "XXV OOM - Mistrzostwa Polski Juniorow Mlodszych - Chlopcy do lat 14"]
[Site "Sielpia"]
[Date "1899-12-30"]
[Round "3.21"]
[White "Sieczkowski, Adam"]
[Black "Madajczak, Piotr"]
[Result "1/2-1/2"]
[WhiteTitle "I+"]
[BlackTitle "I"]
[WhiteElo "1638"]
[BlackElo "1549"]

1. Nf3 d6 2. d4 f5 3. g3 Nf6 4. Bg2 g6 5. O-O Bg7 6. c4 O-O 7. Nc3 Qe8 8. Re1 Qf7
9. d5 a5 10. e4 fxe4 11. Ng5 Qe8 12. Ncxe4 Nxe4 13. Rxe4 Bf5 14. Re1 Na6 15. Ne6
Bxe6 16. Rxe6 Nc5 17. Re2 Qf7 18. Bg5 Bf6 19. Bxf6 exf6 20. Qd2 b6 21. Rae1 Rfe8
22. Bh3 f5 23. b3 Rxe2 24. Qxe2 Kf8 25. Qb2 Kg8 26. Rd1 Re8 27. a3 Qg7 28. Qc2
Qe5 29. b4 axb4 30. axb4 Ne4 31. Re1 Qd4 32. Bg2 Nf6 33. Rxe8+ Nxe8 34. h3 Kf7
35. Qa4 Ke7 36. Bf1 Nf6 37. Qc6 Kd8 38. Qa8+ Kd7 39. Qc6+ Kd8 40. Qa8+ Kd7 41.
Qc6+ Kd8 42. Qa8+ 1/2-1/2

[Event "XXV OOM - Mistrzostwa Polski Juniorow Mlodszych - Chlopcy do lat 14"]
[Site "Sielpia"]
[Date "1899-12-30"]
[Round "3.22"]
[White "Taranowicz, Michal"]
[Black "Szlosarczyk, Hubert"]
[Result "1-0"]
[WhiteTitle "II+"]
[BlackTitle "II+"]
[WhiteElo "1560"]
[BlackElo "1620"]

1. e4 e6 2. Nf3 d5 3. Nc3 Nf6 4. e5 Nfd7 5. d4 c5 6. Bg5 Qb6 7. dxc5 Qxb2 8. Nb5
Qb4+ 9. c3 Qxc5 10. Be3 Qc6 11. Nfd4 Qb6 12. Nxe6 Qa5 13. Qxd5 fxe6 14. Nd6+ Bxd6
15. Qxa5 Bxe5 16. Bd4 Nc6 17. Qa4 Nb6 18. Qd1 Bxd4 19. cxd4 O-O 20. Bd3 Rd8 21.
Qh5 h6 22. O-O Nd5 23. Rad1 Nf6 24. Qh4 Rxd4 25. Bh7+ Kxh7 26. Rxd4 g5 27. Qg3
Nxd4 28. Qe5 Kg7 29. Qxd4 Bd7 30. f4 g4 31. Re1 Kg6 32. Qd3+ Kf7 33. Qb3 b6 34.
f5 Re8 35. fxe6+ Rxe6 36. a3 h5 37. Kf2 Ke7 38. Qb4+ Kf7 39. Qc4 b5 40. Qb3 a6
41. Kg3 Ke7 42. Rxe6+ Bxe6 43. Qe3 Kf7 44. Qa7+ Kg6 45. Qxa6 Bd7 46. Kf4 Kf7 47.
Ke5 Ne8 48. Qh6 Ng7 49. Qf6+ Kg8 50. Qd8+ Be8 51. Kf6 h4 52. Qd5+ Kh8 53. Qe5
Kh7 54. Qe7 1-0

[Event "XXV OOM - Mistrzostwa Polski Juniorow Mlodszych - Chlopcy do lat 14"]
[Site "Sielpia"]
[Date "1899-12-30"]
[Round "3.23"]
[White "Wojtasik, Szymon"]
[Black "Stachecki, Mikolaj"]
[Result "0-1"]
[WhiteTitle "II"]
[BlackTitle "II+"]
[WhiteElo "1379"]
[BlackElo "1587"]

1. e4 c5 2. Nf3 d6 3. d4 cxd4 4. Nxd4 Nf6 5. Nc3 Nc6 6. g3 g6 7. Bg2 Bg7 8. Nde2
O-O 9. O-O Ne5 10. Nd5 Nxd5 11. exd5 Qb6 12. c3 Bg4 13. Qc2 Bf5 14. Be4 Bxe4 15.
Qxe4 a6 16. Nd4 Rfe8 17. a4 Nd7 18. a5 Qc7 19. Be3 Nf6 20. Qf3 Qc4 21. Rfd1 Qxd5
22. Qxd5 Nxd5 23. Bg5 h6 24. Bc1 Nf6 25. f4 Nd7 26. f5 Nc5 27. fxg6 fxg6 28. Kf2
Bxd4+ 29. cxd4 Nb3 30. Ra3 Nxc1 31. Rxc1 Rac8 32. Rac3 Rxc3 33. Rxc3 Kf7 34. Ke3
d5 35. Rc7 Rb8 36. b4 Ke6 37. Kd3 Kd6 38. Rc5 b6 39. axb6 Rxb6 40. Kc3 Rc6 41.
Kb3 Rxc5 42. bxc5+ Kc6 43. Kb4 a5+ 44. Kxa5 e5 45. dxe5 Kxc5 46. h3 d4 47. e6
Kd6 48. e7 Kxe7 49. Kb4 Kd6 50. Kc4 Ke5 51. Kd5+ Kxd5 52. g4 g5 53. h4 gxh4 54.
g5 hxg5 0-1

[Event "XXV OOM - Mistrzostwa Polski Juniorow Mlodszych - Chlopcy do lat 14"]
[Site "Sielpia"]
[Date "1899-12-30"]
[Round "3.24"]
[White "Mocko, Maciej"]
[Black "Wysocki, Mateusz"]
[Result "1/2-1/2"]
[WhiteTitle "II"]
[BlackTitle "I"]
[WhiteElo "1430"]
[BlackElo "1697"]

1. e4 c5 2. Nf3 e6 3. d4 cxd4 4. Nxd4 a6 5. Bd3 Nf6 6. O-O d6 7. Nc3 Qc7 8. Kh1
Be7 9. f4 O-O 10. Qf3 Nbd7 11. Bd2 b5 12. Rae1 Bb7 13. Qg3 g6 14. f5 Nh5 15. Qh3
e5 16. fxg6 hxg6 17. Ne6 Qc8 18. Nxf8 Nxf8 19. Nd5 Bxd5 20. Qxc8 Rxc8 21. exd5
Nf6 22. Bg5 Nxd5 23. Bxe7 Nxe7 24. c3 f5 25. a4 bxa4 26. Ra1 Rb8 27. Rf2 Ne6 28.
Bxa6 Nc5 29. Bf1 Kf7 30. g3 Ke6 31. Kg2 e4 32. Ra2 d5 33. h4 Ke5 34. Rd2 g5 35.
hxg5 Rg8 36. Bb5 Rxg5 37. Kf2 f4 38. gxf4+ Kxf4 39. Re2 Nf5 40. Re1 e3+ 41. Ke2
Ke5 1/2-1/2

[Event "XXV OOM - Mistrzostwa Polski Juniorow Mlodszych - Chlopcy do lat 14"]
[Site "Sielpia"]
[Date "1899-12-30"]
[Round "3.25"]
[White "Kossowski, Pawel"]
[Black "Dembicki, Karol"]
[Result "1-0"]
[WhiteTitle "II+"]
[BlackTitle "II"]
[WhiteElo "1589"]
[BlackElo "1316"]

1. e4 c5 2. Nf3 e6 3. d4 cxd4 4. Nxd4 Nf6 5. Nc3 d6 6. Be3 a6 7. f3 Be7 8. Qd2
b5 9. g4 Bb7 10. O-O-O d5 11. g5 b4 12. Nce2 Nfd7 13. Ng3 Ne5 14. h4 a5 15. h5
a4 16. Bf4 Nbd7 17. Bb5 b3 18. a3 bxc2 19. Rde1 Bd6 20. exd5 Bxd5 21. Bxe5 Bc5
22. Nxc2 Qb6 23. Bxd7+ Kxd7 24. Ne4 Rhc8 25. Nxc5+ Qxc5 26. Kb1 Ke8 27. Rhf1 Ra5
28. Bc3 Rb5 29. Nb4 Bc4 30. Rh1 Rd8 31. Re5 Qc7 32. Qe3 Rb6 33. Rc5 Qd7 34. Rxc4
Rd6 35. Bxg7 Rd1+ 36. Rxd1 Qxd1+ 37. Rc1 1-0

[Event "XXV OOM - Mistrzostwa Polski Juniorow Mlodszych - Chlopcy do lat 14"]
[Site "Sielpia"]
[Date "1899-12-30"]
[Round "3.26"]
[White "Blazniak, Bartlomiej"]
[Black "Skrzypczynski, Kacper"]
[Result "1/2-1/2"]
[WhiteTitle "I"]
[BlackTitle "II"]
[WhiteElo "1518"]
[BlackElo "1291"]

1. d4 d5 2. c4 e6 3. Nc3 Nf6 4. Bg5 Be7 5. e3 b6 6. cxd5 Nxd5 7. Bxe7 Qxe7 8. Nxd5
exd5 9. Nf3 f6 10. Bd3 O-O 11. O-O Bg4 12. Rc1 Rc8 13. Qc2 g6 14. Qb3 Be6 15.
Rc3 c5 16. Qa3 Kf7 17. dxc5 bxc5 18. Rfc1 Nd7 19. Bb5 c4 20. Qxe7+ Kxe7 21. b3
a6 22. Bxd7 Kxd7 23. bxc4 Rxc4 24. Kf1 Rac8 25. Rxc4 dxc4 26. Nd4 c3 27. Nxe6
Kxe6 28. Ke2 Rc4 29. Kd3 Ra4 30. Rc2 Ra3 31. Kc4 a5 32. Kd4 Ke5+ 33. Ke4+ 1/2-1/2

[Event "XXV OOM - Mistrzostwa Polski Juniorow Mlodszych - Chlopcy do lat 14"]
[Site "Sielpia"]
[Date "1899-12-30"]
[Round "4.1"]
[White "Dzida, Kamil"]
[Black "Iwaszkiewicz, Krzysztof"]
[Result "0-1"]
[WhiteTitle "I++"]
[BlackTitle "I"]
[WhiteElo "1877"]
[BlackElo "1651"]

1. e4 c5 2. Nf3 e6 3. d4 cxd4 4. Nxd4 Nf6 5. Nc3 Nc6 6. Ndb5 Bb4 7. a3 Bxc3+ 8.
Nxc3 d5 9. exd5 exd5 10. Bd3 O-O 11. O-O d4 12. Ne2 Bg4 13. f3 Bh5 14. Nf4 Bg6
15. Nxg6 hxg6 16. f4 Qb6 17. Qf3 Rfe8 18. Bd2 Re3 19. Bxe3 dxe3 20. Kh1 Re8 21.
c3 Qxb2 22. Rfc1 Qd2 23. Qe2 Rd8 24. Rd1 Qxc3 25. Qxe3 Rd4 26. Rac1 Qb3 27. h3
Nd5 28. Qe8+ Kh7 29. Bxg6+ fxg6 30. Rxd4 Nxd4 31. Rc8 Qd1+ 32. Kh2 Nf3+ 33. Kg3
Qe1+ 34. Qxe1 Nxe1 35. Rd8 Nf6 36. Rb8 Ne4+ 37. Kh2 Nc5 38. Ra8 a6 39. Rc8 Ned3
40. g4 a5 41. Kg3 b5 42. g5 b4 43. axb4 axb4 44. Kg4 b3 45. h4 b2 46. Rb8 Na6
47. Rb3 Nab4 48. f5 Ne5+ 49. Kf4 Nbd3+ 50. Kg3 gxf5 51. h5 f4+ 52. Kh4 f3 53.
Rb6 f2 54. g6+ Nxg6+ 55. hxg6+ Kh6 0-1

[Event "XXV OOM - Mistrzostwa Polski Juniorow Mlodszych - Chlopcy do lat 14"]
[Site "Sielpia"]
[Date "1899-12-30"]
[Round "4.2"]
[White "Chyzy, Jakub"]
[Black "Jedraszek, Pawel"]
[Result "1/2-1/2"]
[WhiteTitle "k"]
[BlackTitle "I"]
[WhiteElo "2140"]
[BlackElo "1753"]

1. e4 c5 2. Nf3 d6 3. d4 cxd4 4. Nxd4 Nf6 5. Nc3 a6 6. Be3 e5 7. Nb3 Be6 8. h3
Be7 9. f4 exf4 10. Bxf4 Nc6 11. Qe2 Ne5 12. O-O-O Nfd7 13. Kb1 Rc8 14. Nd5 Bxd5
15. exd5 O-O 16. g4 Re8 17. Qg2 Bg5 18. Bg3 Bf6 19. Bf4 Bg5 20. Bxe5 Nxe5 21.
h4 Be3 22. Bd3 Nxd3 23. Rxd3 Bb6 24. Qf3 Re5 25. Rf1 Qe7 26. Rdd1 Re8 27. a3 Rf8
28. h5 h6 29. Nd4 Bxd4 30. Rxd4 Rc8 1/2-1/2

[Event "XXV OOM - Mistrzostwa Polski Juniorow Mlodszych - Chlopcy do lat 14"]
[Site "Sielpia"]
[Date "1899-12-30"]
[Round "4.3"]
[White "Luczak, Filip"]
[Black "Poltorak, Sebastian"]
[Result "1/2-1/2"]
[WhiteTitle "CM"]
[BlackTitle "I+"]
[WhiteElo "2071"]
[BlackElo "1962"]

1. d4 Nf6 2. c4 e6 3. g3 Bb4+ 4. Nd2 d5 5. Bg2 Nc6 6. Ngf3 dxc4 7. Qc2 O-O 8. Qxc4
Qd5 9. O-O Bxd2 10. Qxd5 exd5 11. Bxd2 Ne4 12. Bf4 Nd6 13. Bxd6 cxd6 14. e3 Be6
15. Rfc1 Rfc8 16. a3 Na5 17. Nd2 Rxc1+ 18. Rxc1 Nc4 19. Nxc4 Rc8 20. Rc3 dxc4
21. d5 Bd7 22. Bf1 b5 23. f3 f5 24. Kf2 Kf7 25. f4 Rc5 26. Bg2 Bc8 27. e4 fxe4
28. Bxe4 Bb7 29. Bxh7 Bxd5 30. Bc2 Be6 31. Ke3 a5 32. Be4 1/2-1/2

[Event "XXV OOM - Mistrzostwa Polski Juniorow Mlodszych - Chlopcy do lat 14"]
[Site "Sielpia"]
[Date "1899-12-30"]
[Round "4.4"]
[White "Kacprzak, Karol"]
[Black "Luberanski, Jakub"]
[Result "1/2-1/2"]
[WhiteTitle "I+"]
[BlackTitle "I+"]
[WhiteElo "1910"]
[BlackElo "2023"]

1. e4 c5 2. Nf3 e6 3. d4 cxd4 4. Nxd4 Nf6 5. Nc3 d6 6. Be3 a6 7. g4 h5 8. gxh5
b5 9. a3 Bb7 10. Bg2 Nbd7 11. Qe2 Rc8 12. Bg5 Qa5 13. Nb3 Qb6 14. h6 gxh6 15.
Bxf6 Nxf6 16. O-O-O Rxc3 17. bxc3 Qc7 18. Rhg1 d5 19. Kb2 dxe4 20. Qd2 Bd5 21.
Qd4 Bd6 22. f3 Be5 23. Qe3 Bf4 24. Qd4 Be5 25. Qe3 Bxh2 26. fxe4 Bxg1 27. Rxg1
Bxb3 28. cxb3 Ke7 29. Bf3 Rc8 30. Re1 Qc5 31. e5 Qxe3 32. exf6+ 1/2-1/2

[Event "XXV OOM - Mistrzostwa Polski Juniorow Mlodszych - Chlopcy do lat 14"]
[Site "Sielpia"]
[Date "1899-12-30"]
[Round "4.5"]
[White "Wojdak, Jan"]
[Black "Karolczuk, Iwo"]
[Result "1/2-1/2"]
[WhiteTitle "I"]
[BlackTitle "I++"]
[WhiteElo "1834"]
[BlackElo "2055"]

1. e4 c5 2. Nf3 e6 3. d4 cxd4 4. Nxd4 a6 5. Bd3 Nf6 6. O-O d6 7. c4 Nc6 8. Nxc6
bxc6 9. Nc3 Be7 10. Qe2 O-O 11. Rd1 Qc7 12. Be3 c5 13. a3 Rb8 14. Rab1 Nd7 15.
b4 Bf6 16. Rdc1 Bb7 17. Qd2 Ba8 18. b5 a5 19. Na4 Qa7 20. f3 Rfc8 21. Rd1 Bd4
22. Bf1 e5 23. Kh1 Nb6 24. Nxb6 Qxb6 25. a4 Bb7 26. Bd3 Re8 27. Bf2 Ra8 28. Rbc1
Rac8 29. Be1 Ra8 30. Bf2 Rac8 31. Be1 Ra8 32. Bf2 Rac8 1/2-1/2

[Event "XXV OOM - Mistrzostwa Polski Juniorow Mlodszych - Chlopcy do lat 14"]
[Site "Sielpia"]
[Date "1899-12-30"]
[Round "4.6"]
[White "Kacprzak, Kacper"]
[Black "Ochedzan, Tymon"]
[Result "1-0"]
[WhiteTitle "I"]
[BlackTitle "CM"]
[WhiteElo "1841"]
[BlackElo "2090"]

1. e4 c5 2. Nf3 d6 3. d4 cxd4 4. Nxd4 Nf6 5. Nc3 a6 6. h3 e5 7. Nb3 b5 8. g4 b4
9. Nd5 Nxd5 10. Qxd5 Ra7 11. Be3 Be6 12. Qd2 Rd7 13. Bg2 a5 14. a4 Be7 15. Qe2
O-O 16. O-O Qc7 17. Nd2 Rc8 18. Rfc1 Nc6 19. c3 d5 20. exd5 Bxd5 21. Bxd5 Rxd5
22. Nc4 Rb8 23. Rd1 Rxd1+ 24. Rxd1 bxc3 25. bxc3 Nd8 26. Qd3 Ne6 27. Qe4 Rc8 28.
Nxe5 Bf6 29. Nd7 Bxc3 30. Nb6 Rf8 31. Nd5 Qe5 32. Qc4 Bb4 33. Nxb4 axb4 34. Qxb4
f5 35. Qd6 Qf6 36. Rd5 fxg4 37. hxg4 Qg6 38. Qg3 h6 39. a5 Ra8 40. Qf3 Rf8 41.
Rf5 Rc8 42. Qe4 h5 43. a6 hxg4 44. a7 Qe8 45. Re5 g3 46. Rxe6 gxf2+ 47. Bxf2 Qh5
48. a8=Q Qg5+ 49. Qg2 Qc1+ 50. Re1 Qc7 51. Qad5+ Kf8 52. Qgf3+ Qf4 53. Qxf4# 1-0

[Event "XXV OOM - Mistrzostwa Polski Juniorow Mlodszych - Chlopcy do lat 14"]
[Site "Sielpia"]
[Date "1899-12-30"]
[Round "4.7"]
[White "Czernek, Tymon"]
[Black "Grzesik, Gracjan"]
[Result "1-0"]
[WhiteTitle "I++"]
[BlackTitle "I"]
[WhiteElo "2050"]
[BlackElo "1904"]

1. e4 c5 2. Ne2 d6 3. g3 g6 4. Bg2 Bg7 5. c3 Nc6 6. d4 e5 7. Be3 b6 8. O-O Nf6
9. h3 O-O 10. f4 Re8 11. fxe5 dxe5 12. dxc5 Ba6 13. Kf2 bxc5 14. Qxd8 Raxd8 15.
Bxc5 Bd3 16. Nd2 Bh6 17. Be3 Bxe3+ 18. Kxe3 Nh5 19. Bf3 Ng7 20. Nb3 f5 21. Nc5
f4+ 22. gxf4 exf4+ 23. Kf2 Bxe2 24. Kxe2 Nf5 25. Rfd1 Ng3+ 26. Kf2 Ne5 27. Rd4
Nc6 28. Rd5 Ne7 29. Rd7 Rxd7 30. Nxd7 Rd8 31. Rd1 Kg7 32. c4 Rc8 33. c5 Nc6 34.
a3 a5 35. Rd6 Ne7 36. e5 Ngf5 37. Rd3 Kf7 38. b4 axb4 39. axb4 Nc6 40. Bxc6 Rxc6
41. b5 Rc8 42. b6 Ra8 43. b7 Ra2+ 44. Kf3 Nh4+ 45. Ke4 Re2+ 46. Kd5 Rb2 47. Nb6
1-0

[Event "XXV OOM - Mistrzostwa Polski Juniorow Mlodszych - Chlopcy do lat 14"]
[Site "Sielpia"]
[Date "1899-12-30"]
[Round "4.8"]
[White "Turski, Bartlomiej"]
[Black "Backiel, Hubert"]
[Result "1-0"]
[WhiteTitle "I"]
[BlackTitle "I"]
[WhiteElo "1982"]
[BlackElo "1704"]

1. e4 c5 2. Nf3 e6 3. d4 cxd4 4. Nxd4 Nf6 5. Nc3 d6 6. Be2 a6 7. O-O Be7 8. a4
O-O 9. Be3 Nc6 10. f4 Bd7 11. Nb3 Na5 12. e5 Ne8 13. Nxa5 Qxa5 14. Ne4 Qc7 15.
a5 Bc6 16. Bb6 Qd7 17. Qd4 f5 18. Nxd6 Nxd6 19. Rfd1 Bxg2 20. Kxg2 Qc6+ 21. Bf3
Ne4 22. Qa4 Rac8 23. c3 g5 24. Qxc6 bxc6 25. Rd7 Rf7 26. Be2 gxf4 27. Bxa6 Rb8
28. Rg1 Kf8 29. Bc4 Bc5 30. Bxc5+ Nxc5 31. Rxf7+ Kxf7 32. b4 Ne4 33. Rf1 Rg8+
34. Kh1 Nxc3 35. Rxf4 Ke7 36. Rh4 Rg7 37. a6 Ne4 38. Rf4 Kd7 39. Rf3 Kc7 40. Bxe6
Re7 41. Ra3 Kb6 42. Bxf5 Nd2 43. Bd3 Nf3 44. a7 Rg7 45. Ra1 Nxe5 46. a8=Q Nxd3
47. Qa5+ Kb7 48. Qa7+ 1-0

[Event "XXV OOM - Mistrzostwa Polski Juniorow Mlodszych - Chlopcy do lat 14"]
[Site "Sielpia"]
[Date "1899-12-30"]
[Round "4.9"]
[White "Pazdzierz, Piotr"]
[Black "Jeda, Maciej"]
[Result "1-0"]
[WhiteTitle "I"]
[BlackTitle "I"]
[WhiteElo "1639"]
[BlackElo "1850"]

1. c4 Nf6 2. Nf3 g6 3. g3 Bg7 4. Bg2 O-O 5. O-O d6 6. d4 Nc6 7. Nc3 a6 8. b3 e5
9. d5 Ne7 10. e4 Nh5 11. Ne1 Bd7 12. Nd3 Qc8 13. Ba3 b6 14. Qd2 Bh3 15. f3 Bxg2
16. Kxg2 f5 17. Bb2 Nf6 18. Nf2 Rf7 19. a3 Qf8 20. Qe2 h5 21. Nh3 Bh6 22. Nf2
f4 23. gxf4 Bxf4 24. Bc1 Bxc1 25. Raxc1 g5 26. Kh1 Qh6 27. Nd3 Raf8 28. b4 h4
29. c5 Nh5 30. Qg2 Ng6 31. Ne2 Rg7 32. cxd6 cxd6 33. Qg4 Ngf4 34. Nexf4 Nxf4 35.
Nxf4 gxf4 36. Qe6+ Qxe6 37. dxe6 Re8 38. Rc6 Rxe6 39. Rxb6 a5 40. bxa5 Ra7 41.
a6 Kf7 42. Rb7+ Re7 43. Rb6 Red7 44. Kg2 d5 45. exd5 Rxd5 46. Rfb1 Ke8 47. Rb8+
Kd7 48. R8b7+ Rxb7 49. axb7 1-0

[Event "XXV OOM - Mistrzostwa Polski Juniorow Mlodszych - Chlopcy do lat 14"]
[Site "Sielpia"]
[Date "1899-12-30"]
[Round "4.10"]
[White "Szydlo, Michal"]
[Black "Wilk, Igor"]
[Result "1/2-1/2"]
[WhiteTitle "I"]
[BlackTitle "I"]
[WhiteElo "1830"]
[BlackElo "1669"]

1. e4 c6 2. d4 d5 3. Nc3 dxe4 4. Nxe4 Bf5 5. Ng3 Bg6 6. h4 h6 7. Nf3 Nd7 8. h5
Bh7 9. Bd3 Bxd3 10. Qxd3 e6 11. Bd2 Ngf6 12. O-O-O Be7 13. Kb1 Qb6 14. c4 O-O
15. Ne4 c5 16. Bc3 Rfd8 17. d5 Nxe4 18. Qxe4 Bf6 19. Qc2 exd5 20. cxd5 Bxc3 21.
Qxc3 Nf6 22. Ne5 Qb4 23. Qxb4 cxb4 24. f3 Rxd5 25. Rxd5 Nxd5 26. Rh4 a5 27. Rd4
Nf6 28. g4 Rc8 29. f4 Kf8 30. f5 Ke7 31. b3 b5 32. Kb2 Rc5 33. Nf3 Rd5 34. Rf4
Kd6 35. Kc2 Kc6 36. Nd4+ Kc5 37. Kd3 Rd7 38. Ke4 1/2-1/2

[Event "XXV OOM - Mistrzostwa Polski Juniorow Mlodszych - Chlopcy do lat 14"]
[Site "Sielpia"]
[Date "1899-12-30"]
[Round "4.11"]
[White "Kolodziejski, Piotr"]
[Black "Jozefczyk, Szymon"]
[Result "1/2-1/2"]
[WhiteTitle "I"]
[BlackTitle "II"]
[WhiteElo "1797"]
[BlackElo "1580"]

1. e4 c5 2. Nf3 d6 3. d4 cxd4 4. Nxd4 Nf6 5. Nc3 a6 6. Be2 e5 7. Nb3 Be7 8. O-O
O-O 9. Re1 b5 10. Bf3 Be6 11. a3 Nbd7 12. Be3 Qc7 13. Nd2 Nb6 14. Bxb6 Qxb6 15.
Nf1 a5 16. Ne3 g6 17. Ncd5 Bxd5 18. Nxd5 Nxd5 19. Qxd5 Rac8 20. c3 Rc5 21. Qd2
a4 22. Rac1 Kh8 23. Qe3 Qd8 24. Rcd1 Bg5 25. Qd3 Be7 26. Qe2 Qb8 27. Rd3 Rfc8
28. Red1 R8c6 29. g3 Kg7 30. Bg2 f6 31. Qg4 Qc8 32. Qxc8 Rxc8 33. Bh3 R8c7 34.
Be6 Rb7 35. Kf1 Kf8 36. Ke2 Ke8 37. Bg8 Bf8 38. Kf3 Rg7 39. Ba2 Rgc7 40. h4 Be7
41. h5 Kf8 42. hxg6 hxg6 43. Rd5 Rxd5 44. Rxd5 Rc5 45. Rxc5 dxc5 46. Bd5 b4 47.
c4 bxa3 48. bxa3 Bd8 49. Bc6 Ba5 50. Bxa4 Bc3 51. Bc6 Bb2 52. a4 Bc3 53. Ke3 g5
54. Kf3 Ke7 55. Kg4 Ba5 56. f4 gxf4 57. gxf4 Bc3 58. Kf5 exf4 59. Kxf4 Kd6 60.
Bd5 Kc7 61. Kf5 Kb6 62. Ke6 Bd4 1/2-1/2

[Event "XXV OOM - Mistrzostwa Polski Juniorow Mlodszych - Chlopcy do lat 14"]
[Site "Sielpia"]
[Date "1899-12-30"]
[Round "4.12"]
[White "Topola, Rafal"]
[Black "Budzisz, Adrian"]
[Result "1/2-1/2"]
[WhiteTitle "I"]
[BlackTitle "I"]
[WhiteElo "1664"]
[BlackElo "1788"]

1. e4 c5 2. Nf3 e6 3. d4 cxd4 4. Nxd4 a6 5. Bd3 Nf6 6. O-O d6 7. c4 Nc6 8. Nf3
Be7 9. Nc3 Qc7 10. h3 O-O 11. Qe2 Nd7 12. Be3 Nce5 13. Nxe5 Nxe5 14. f4 Nxd3 15.
Qxd3 Bd7 16. f5 Bf6 17. fxe6 fxe6 18. Rad1 Be5 19. Rxf8+ Rxf8 20. Bd4 Bc6 21.
Bxe5 dxe5 22. Qd6 Qb6+ 23. c5 Qxb2 24. Qxe6+ Kh8 25. Qxe5 Bxe4 26. Qxe4 Qxc3 27.
Qxb7 Qxc5+ 28. Kh1 Qc2 29. Qb3 Qc7 30. Qa3 Rf6 31. Qa4 h6 32. Qe8+ Kh7 33. Qe4+
Kg8 34. Qe8+ Kh7 35. Qe4+ Rg6 36. Rb1 Qc6 37. Rb4 Qxe4 38. Rxe4 Rg5 39. Ra4 a5
40. Kh2 Kg6 41. g4 Rb5 42. Kg3 Kf6 43. h4 Ke5 44. Kf3 g6 45. Rc4 Kd5 46. Rf4 Ke6
47. Ra4 Kd7 48. Rf4 Rb6 49. Ra4 Ra6 50. g5 h5 51. Ke4 Ke6 52. Kf4 Kd5 53. Ke3
Ra7 54. Rf4 Re7+ 55. Kd3 Re6 56. Ra4 Ra6 57. Ke3 1/2-1/2

[Event "XXV OOM - Mistrzostwa Polski Juniorow Mlodszych - Chlopcy do lat 14"]
[Site "Sielpia"]
[Date "1899-12-30"]
[Round "4.13"]
[White "Paprocki, Antoni"]
[Black "Ciszewski, Krzysztof"]
[Result "0-1"]
[WhiteTitle "I"]
[BlackTitle "II+"]
[WhiteElo "1778"]
[BlackElo "1612"]

1. e4 c5 2. Nf3 d6 3. d4 cxd4 4. Nxd4 Nf6 5. Nc3 a6 6. g3 e5 7. Nde2 b5 8. Nd5
Nxd5 9. Qxd5 Ra7 10. Be3 Be6 11. Qd3 Rb7 12. Bg2 Be7 13. O-O Nd7 14. b3 Nf6 15.
Rad1 O-O 16. f4 Ng4 17. Bc1 Qb6+ 18. Kh1 exf4 19. Nxf4 Ne5 20. Qe2 Bg4 21. Qd2
Rc8 22. Rde1 Qc5 23. Rf2 Bg5 24. Bb2 Rbc7 25. Rc1 h5 26. Bd4 Qc6 27. Be3 Qc3 28.
Qxc3 Rxc3 29. Bd4 R3c6 30. h3 Bxf4 31. Rxf4 Nd3 32. hxg4 Nxc1 33. Be3 Ne2 34.
Rf2 Rxc2 35. Kh2 Nc1 36. Rf5 Nd3 37. gxh5 Ne1 38. Bf2 Nxg2 39. Kxg2 Rxa2 40. Kh3
Re2 41. Rf4 Re8 42. e5 R8xe5 43. Bd4 R5e4 0-1

[Event "XXV OOM - Mistrzostwa Polski Juniorow Mlodszych - Chlopcy do lat 14"]
[Site "Sielpia"]
[Date "1899-12-30"]
[Round "4.14"]
[White "Pisarek, Jan"]
[Black "Oleksy, Krzysztof"]
[Result "1/2-1/2"]
[WhiteTitle "I"]
[BlackTitle "I"]
[WhiteElo "1610"]
[BlackElo "1746"]

1. e4 c5 2. Nf3 d6 3. c3 Nf6 4. h3 Nbd7 5. Bd3 b6 6. O-O Bb7 7. Qe2 e6 8. Bc2 Be7
9. d4 cxd4 10. cxd4 Qc7 11. Nc3 a6 12. Be3 Rc8 13. Bd3 b5 14. Rac1 Qb8 15. a3
O-O 16. Bf4 e5 17. Be3 Rfe8 18. d5 Bf8 19. b4 Rc7 20. Rc2 Rec8 21. Rfc1 Ba8 22.
Nd2 Nb6 23. Nb3 Nc4 24. Bxc4 Rxc4 25. Nd2 R4c7 26. Qd3 Be7 27. Ne2 Rxc2 28. Rxc2
Rxc2 29. Qxc2 Bb7 30. Ng3 Qc8 31. Qxc8+ Bxc8 32. Bb6 Ne8 33. Kf1 g6 34. Ke2 f5
35. f3 Kf7 1/2-1/2

[Event "XXV OOM - Mistrzostwa Polski Juniorow Mlodszych - Chlopcy do lat 14"]
[Site "Sielpia"]
[Date "1899-12-30"]
[Round "4.15"]
[White "Stachecki, Mikolaj"]
[Black "Wasik, Mateusz"]
[Result "1-0"]
[WhiteTitle "II+"]
[BlackTitle "I"]
[WhiteElo "1587"]
[BlackElo "1729"]

1. e4 c5 2. Nf3 Nc6 3. d4 cxd4 4. Nxd4 Qb6 5. Nb3 Nf6 6. Nc3 e6 7. Bd3 a6 8. O-O
Be7 9. Be3 Qc7 10. f4 d6 11. Qf3 O-O 12. g4 Re8 13. g5 Nd7 14. Qh5 g6 15. Qh6
Bf8 16. Qh4 Bg7 17. Rf3 b5 18. Rh3 Nf8 19. f5 b4 20. f6 bxc3 21. fxg7 Kxg7 22.
Qh6+ Kg8 23. bxc3 e5 24. Rf3 Bg4 25. Rf2 Ne7 26. Raf1 Be6 27. Nd4 Bxa2 28. Nb3
Nc8 29. Rxf7 Qxf7 30. Rxf7 Kxf7 31. Bc4+ Ke7 32. Qg7+ Kd8 33. Qb7 Bxb3 34. cxb3
Ra7 35. Bxa7 Re7 36. Bb6+ Nxb6 37. Qxb6+ 1-0

[Event "XXV OOM - Mistrzostwa Polski Juniorow Mlodszych - Chlopcy do lat 14"]
[Site "Sielpia"]
[Date "1899-12-30"]
[Round "4.16"]
[White "Taranowicz, Michal"]
[Black "Zdybel, Przemyslaw"]
[Result "0-1"]
[WhiteTitle "II+"]
[BlackTitle "I"]
[WhiteElo "1560"]
[BlackElo "1698"]

1. e4 c5 2. Nc3 a6 3. d4 cxd4 4. Qxd4 Nc6 5. Qd2 g6 6. b3 Bg7 7. Bb2 Nf6 8. O-O-O
b5 9. Bd3 O-O 10. f4 d6 11. Nf3 Bd7 12. h4 h5 13. Nd5 e6 14. Nxf6+ Bxf6 15. e5
Bg7 16. exd6 Bxb2+ 17. Kxb2 Qf6+ 18. Kb1 a5 19. Bxb5 a4 20. Bxc6 axb3 21. Qd4
bxc2+ 22. Kxc2 Qxd4 23. Nxd4 Rfc8 24. Kd3 Bxc6 25. Nxc6 Rxc6 26. Ke4 Ra4+ 27.
Kf3 Rc3+ 28. Ke2 Rxa2+ 29. Kf1 Rcc2 30. Rh3 Rd2 31. Ke1 Rxg2 32. Rf3 Rge2+ 33.
Kf1 Red2 34. Ke1 Rxd1+ 35. Kxd1 Kf8 36. Rb3 Ra5 37. Rb8+ Kg7 38. Ke2 Rd5 39. Rd8
Kf6 40. Ke3 Kf5 41. Rd7 f6 42. Rd8 Rd1 43. d7 Rd5 44. Kf3 Rd3+ 45. Ke2 Ke4 46.
Rg8 Rxd7 47. Rxg6 Rf7 48. Rh6 Kxf4 49. Rxh5 e5 50. Rh8 f5 51. h5 e4 52. h6 Ra7
53. h7 Ra2+ 54. Kf1 Rh2 55. Kg1 Rh6 56. Kf2 Rh5 57. Ke2 Rh2+ 58. Kf1 e3 59. Kg1
Rh5 60. Kg2 Rg5+ 61. Kf1 Rg7 62. Ke2 Rg2+ 63. Ke1 Rh2 64. Kf1 e2+ 65. Ke1 Kf3
66. Re8 Rh1+ 67. Kd2 Rxh7 68. Rxe2 Rd7+ 69. Ke1 f4 70. Ra2 Rd3 71. Ra4 Rb3 72.
Ra8 Re3+ 73. Kf1 Rb3 74. Ke1 Kg2 75. Rf8 Rf3 76. Rg8+ Rg3 77. Rf8 f3 78. Rf7 Kg1
79. Rf8 Kg2 80. Rf7 Rg5 81. Rf8 Re5+ 82. Kd2 Kf2 83. Rd8 Kf1 84. Rf8 Re2+ 85.
Kd1 f2 86. Rf7 Re5 87. Rd7 Rg5 88. Rf7 Kg2 89. Ke2 Re5+ 0-1